000 00575nam a2200229Ia 4500
003 OSt
005 20220924134748.0
006 a|||||r|||| 00| 0
007 ta
008 220923b |||||||| |||| 00| 0 urd d
024 _a286979
037 _cTextual
040 _aARTS
_cARTS
_burd
041 _2urd
_aurd
082 _aO168,6M32,1, N62
100 _aAazad Md. Husain
_9209183
245 0 _aNerange khyal
260 _c1962
650 _aURDU LITERATURE
942 _hO168,6M32,1, N62
_cTEXL
_2CC
999 _c438470
_d438470